The economics of the imagination /

Bibliographic Details
Main Author: Heinzelman, Kurt
Format: Book
Language:English
Published: Amherst : University of Massachusetts Press, 1980.
Subjects:

MARC

Tag First Indicator Second Indicator Subfields
LEADER 00000cam a22000008i 4500
001 in00000065919
005 20151008050749.0
008 790803s1980 mau b 00110 eng
010 |a  79004019  
020 |a 0870232746 :  |c $18.50 
035 |a (OCoLC)05311003 
035 |9 AAG3175AM 
040 |a DLC  |c DLC  |d TXA  |d UtOrBLW 
043 |a e-uk---  |a n-us--- 
049 |a TXAM  |c [1497413] 
050 0 0 |a PR409.E37  |b H4 
082 0 |a 820/.9/31 
100 1 |a Heinzelman, Kurt. 
245 1 4 |a The economics of the imagination /  |c Kurt Heinzelman. 
263 |a 8001 
264 1 |a Amherst :  |b University of Massachusetts Press,  |c 1980. 
300 |a xii, 326 pages ;  |c 25 cm. 
336 |a text  |b txt  |2 rdacontent 
337 |a unmediated  |b n  |2 rdamedia 
338 |a volume  |b nc  |2 rdacarrier 
500 |a Includes index. 
504 |a Bibliography: pages [310]-320. 
650 0 |a English literature  |x History and criticism. 
650 0 |a American literature  |x History and criticism. 
650 0 |a Economics in literature. 
650 0 |a Economics  |x History. 
999 |a MARS 
999 f f |s 98d26a38-c740-3765-9d3d-9794e113a8d7  |i e9fd1279-069c-3cde-8b26-c2548524b72f  |t 0 
952 f f |p normal  |a Texas A&M University  |b College Station  |c Sterling C. Evans Library  |d Evans: Library Stacks  |t 0  |e PR409.E37 H4  |h Library of Congress classification  |i unmediated -- volume  |m A14803847995 
998 f f |a PR409.E37 H4  |t 0  |l Evans: Library Stacks